| 000 | 00429nam a2200157Ia 4500 | ||
|---|---|---|---|
| 003 | GCL | ||
| 008 | 140319s9999 xx 000 0 eng d | ||
| 040 |
_aGCL / _cGCL |
||
| 082 | 0 | 4 |
_a327.1273 _bC M |
| 245 | 1 | 0 |
_aMAKING INTEELIGENCE SMARTER : _bTHE FUTURE OF U.S INTELLIGENCE |
| 300 |
_a18 CM ؛ _c39 P |
||
| 650 | 0 | 4 | _aUNITED STATES |
| 650 | 0 | 4 | _aUNITED STATES - DEFENSES |
| 650 | 0 | 4 | _aUNITED STATES - ARMED FORCES |
| 942 |
_2ddc _cBK |
||
| 999 |
_c351 _d351 |
||